| 000 | 00644nam a2200205 a 4500 | ||
|---|---|---|---|
| 005 | 20140310183246.0 | ||
| 008 | 040913s19uu xx 00 eng d | ||
| 020 | _a0-13-049146-2 | ||
| 050 |
_aQA 76.8 _b.Ir77 2003 |
||
| 100 | _aIrvine, Kip R. | ||
| 245 |
_aAssembly language for intel-based computers. / _cKip R. Irvine |
||
| 260 |
_aNew Jersey : _bPearson Education International, _c2003. |
||
| 300 |
_a708 p. : _bill. ; _c24 cm. |
||
| 500 | _aIncludes index. | ||
| 521 | _aIT | ||
| 650 |
_aIBM Personal Computer _xProgramming. |
||
| 650 | _aAssembler language (Computer Program Language). | ||
| 942 |
_cBK _2lcc _kFOR |
||
| 999 |
_c20696 _d20696 |
||